عرض عادي عرض مارك
  • International Conference on Web Information Systems and Technologies

مدخل إسم مؤتمر

عدد التسجيلات المستخدمة في: 1

001 - رقم الضبط

  • حقل الضبط: 18948

003 - معرف رقم الضبط

  • حقل الضبط: OSt

005 - تاريخ ووقت أخر عملية

  • حقل الضبط: 20121227215006.0

008 - عناصر بيانات ثابتة الطول

  • حقل تحكم ثابت الطول: 121227|||a|||||| | ||| d

040 ## - مصدر الفهرسة

  • هيئة الفهرسة الأصلية: OSt
  • وكالة الكتابة: OSt

111 ## - مدخل -- اسم مؤتمر

  • اسم الملتقي او اسم السلطه كعنصر مدخل: International Conference on Web Information Systems and Technologies
  • رقم الجزء / القسم/ الملتقي: (5th :
  • تاريخ المؤتمر: 2009 :
  • مكان الملتقي: Lisbon, Portugal)

670 ## - بيانات المصدر موجوده

  • الاستشهاد بالمصدر: Work cat.: (OSt)0: International Conference on Web Information Systems and Technologies (5th : 2009 : Lisbon, Portugal), Web information systems and technologies :, c2010.